Obojsmerná komunikácia

Elektronická obojsmerná komunikácia finančnej správy s daňovými subjektami. Priebeh spustenia obojsmernej elektronickej komunikácie. Elektronické doručovanie dokumentov, zriadenie elektronickej schránky.

Saved in:
Bibliographic Details
Main Author: Klabníková, Klára
Format: Book Chapter
Language:Slovak
Subjects:
Tags: Add Tag
No Tags, Be the first to tag this record!

MARC

LEADER 00000naa a2200000 4500
001 0282639
005 20240417075158.2
041 0 |a slo 
044 |a SK 
245 1 0 |a Obojsmerná komunikácia  |c Klára Klabníková 
520 |a Elektronická obojsmerná komunikácia finančnej správy s daňovými subjektami. Priebeh spustenia obojsmernej elektronickej komunikácie. Elektronické doručovanie dokumentov, zriadenie elektronickej schránky. 
610 2 0 |a komunikácia elektronická 
610 2 0 |a správa daňová 
610 2 0 |a správa finančná 
610 2 0 |a poriadok daňový 
610 2 0 |a zákony 
100 1 |a Klabníková, Klára